[Event "Dos Hermanas Internet qual-D 10th"]
[Site "ICC INT"]
[Date "2009.03.14"]
[Round "3"]
[White "Bispo, Leonardo"]
[Black "Darruda, Ricardo"]
[Result "0-1"]
[WhiteElo "2131"]
[BlackElo "2293"]
[PlyCount "44"]
[EventDate "2009.03.14"]
[EventType "swiss (blitz)"]
[EventRounds "12"]
[EventCountry "ESP"]
[SourceTitle "EXT 2010"]
[Source "ChessBase"]
[SourceDate "2010.11.25"]
[SourceVersion "1"]
[SourceVersionDate "2010.11.25"]
[SourceQuality "1"]

1. d4 Nf6 2. c4 e5 3. dxe5 Ne4 4. Nf3 Nc6 5. e3 d6 6. Bd3 Nc5 7. exd6 Bxd6 8. Bc2 Bg4 9. 0-0 Qf6 10. h3 Bh5 11. Nbd2 0-0-0 12. Qe2 Rhe8 13. Rb1 Nb4 14. Bd1 Nxa2 15. b4 Nc3 16. Qe1 Nxb1 17. bxc5 Nxd2 18. cxd6 Nxf3+ 19. Bxf3 Bxf3 20. dxc7 Rd6 21. gxf3 Qxf3 22. Kh2 Rh6 0-1

[Event "IECG CM.1999.0.00090"]
[Site "IECG email"]
[Date "1999.??.??"]
[Round "?"]
[White "Darruda, Ricardo"]
[Black "Richard, Phil"]
[Result "1/2-1/2"]
[WhiteElo "2508"]
[BlackElo "2225"]
[PlyCount "75"]
[EventDate "1999.09.29"]
[EventType "tourn (corr)"]
[EventRounds "6"]
[SourceTitle "Corr 2008"]
[Source "ChessBase"]
[SourceDate "2008.06.24"]
[SourceVersion "1"]
[SourceVersionDate "2008.06.24"]
[SourceQuality "1"]

1. c4 e5 2. Nc3 Nf6 3. Nf3 Nc6 4. g3 d5 5. cxd5 Nxd5 6. Bg2 Nb6 7. 0-0 Be7 8. a3 0-0 9. b4 Be6 10. Rb1 f6 11. d3 a6 12. Ne4 Ba2 13. Rb2 Bd5 14. Nc5 Rb8 15. e4 Bf7 16. Be3 Nd7 17. Qc2 Nxc5 18. bxc5 Qd7 19. Rfb1 b5 20. cxb6 Bxa3 21. Rb3 Bd6 22. Rc3 Nb4 23. Rxc7 Bxc7 24. Qxc7 Qa4 25. Bh3 a5 26. b7 Qc6 27. Qxc6 Nxc6 28. Bc5 Nb4 29. Bxf8 Kxf8 30. Bc8 Nxd3 31. Rb5 Be8 32. Rd5 Nb4 33. Rxa5 Bc6 34. Ra7 Nd3 35. Ra3 Nc1 36. Ra1 Nb3 37. Rb1 Na5 38. Nd2 1/2-1/2

[Event "IECG CM.1999.0.00090"]
[Site "IECG email"]
[Date "1999.??.??"]
[Round "?"]
[White "Majer, Damir"]
[Black "Darruda, Ricardo"]
[Result "0-1"]
[WhiteElo "2249"]
[BlackElo "2508"]
[PlyCount "30"]
[EventDate "1999.09.29"]
[EventType "tourn (corr)"]
[EventRounds "6"]
[SourceTitle "Corr 2008"]
[Source "ChessBase"]
[SourceDate "2008.06.24"]
[SourceVersion "1"]
[SourceVersionDate "2008.06.24"]
[SourceQuality "1"]

1. e4 e6 2. d4 d5 3. exd5 exd5 4. Nf3 Bg4 5. c4 Nf6 6. Nc3 Be7 7. Qb3 Bxf3 8. Qxb7 Nbd7 9. gxf3 dxc4 10. Bxc4 0-0 11. 0-0 Nb6 12. Bb3 Qd7 13. Bf4 Bd6 14. Be5 Rfb8 15. Qa6 Qh3 0-1